000 00274nam a2200109Ia 4500
008 160523s9999 xx 000 0 und d
245 _aHow to Be Free
245 _cJoe Blow
260 _c2012
650 _xPsychology.
856 _uhttp://www.smashwords.com/books/view/88690
999 _c294798
_d294798